Quizz - Province du Canada - Statistiques

Statistiques générales
  • Ce quiz a été pris 19 fois
  • Le résultat moyen est 4 sur 13
Statistiques - réponses
Provinces % Correct
8 Le Québec
80%
11 Le Yukon
53%
9 Terre-Neuve-et-Labrador
53%
2 La Colombie-Britannique
40%
4 Le Manitoba
40%
7 L'Ontario
40%
5 Le Nouveau-Brunswick
33%
10 Le Saskatchewan
33%
12 Le Nunavut
27%
6 La Nouvelle-Ecosse
20%
3 L'Île-du-Prince-Edouard
13%
1 L'Alberta
7%
13 Les Territoires du Nord-Ouest
0%
Aucun quiz correspondant
Distribution des résultats
% des personnes avec chaque résultat
Percentile par nombre de réponses
Votre historique - résultats
Vous n’avez pas pris ce quiz